000 00727nam a22002417a 4500
003 UA-OsUOA
001 127958
007 ta
008 20171220b un ||||| |||| 00| 0 ukr d
100 _aВойтюшенко Н. М.
090 _a004(075.8)
_bВ65
942 _cBK
040 _aUA-OsUOA
_bukr
_cUA-OsUOA
_dUA-OsUOA
245 _aІнформатика і комп'ютерна техніка
_bнавчальний посібник
_cА. І. Остапець
300 _a564 с.
955 _a2
041 _aukr
080 _a004(075.8)
020 _a978-966-364-825-3
260 _aК.
_bЦУЛ
_c2009
650 7 _a00 Загальні питання науки і культури
_2UDC
999 _c396010
_d396010